000 02156nam0a2200373 4500
001 RU\NLR\BIBL_A\022583483
005 20260129144310.0
010 _a978-0-415-81589-5
_bангл.
010 _a978-5-907705-74-6
_bрус.
_9300
021 _aRU
_bКН-П-25-029434
_9КН-П-25-2904
035 _a(NLR Aleph) 022583483
090 _a13538497
_c13538497
100 _a20250710d2025 k y0rusy50 ca
101 1 _arus
_ceng
102 _aRU
105 _aa z 000zy
181 0 _ai3
_baxxe
182 0 _an
200 1 _aНабор инструментов для работы с СДВГ у взрослых с использованием когнитивно-поведенческой терапии
_fДж. Рассел Рэмси, Энтони Л. Ростейн
_gперевод с английского и редакция В. А. Белоковской
203 _aТекст
_bвизуальный
_cнепосредственный
210 _aМосква
_aСанкт-Петербург
_cДиалектика
_d2025
215 _a280 с.
_cтабл.
_d24
300 _aЗагл. и авт. ориг.: The adult ADHD tool kit / J. Russell Ramsay and Anthony L. Rostain
300 _aНа 4-й с. обл. авт.: Дж. Р. Рэмси - проф. клинической психологии, Э. Л. Ростейн - д-р мед. наук, проф. психиатрии и педиатрии
320 _aБиблиогр.: с. 275-280 (87 назв.)
454 0 _12001#$aThe adult ADHD tool kit$fJ. Russell Ramsay and Anthony L. Rostain
_1700#1$aRamsay$bJ. R.$gJ. Russell
_1701#1$aRostain$bA. L.$gAnthony L.
_tThe adult ADHD tool kit
_aRamsay, J. Russell
606 1 _aВнимание (психол.)
_xРасстройства при синдроме гиперактивности
_xКогнитивно-поведенческая психотерапия
_92667754
_3RU\NLR\AUTH\6601755781
686 1 _aР64-323.2
700 1 _aРэмси
_bДж. Р.
_gДж. Рассел
701 1 _aРостейн
_bЭ. Л.
_gЭнтони Л.
942 _cBOOK
980 _aNB